Las relaciones económicas de China : (Record no. 44239)

MARC details
000 -LEADER
campo de control de longitud fija 01079cam a2200301Ma 4500
001 - NÚMERO DE CONTROL
campo de control 51948
005 - FECHA Y HORA DE LA ÚLTIMA TRANSACCIÓN
campo de control 20230410115606.0
008 - DATOS DE LONGITUD FIJA--INFORMACIÓN GENERAL
campo de control de longitud fija 040210s2003 mx 000 0 spa d
035 ## - NÚMERO DE CONTROL DEL SISTEMA
Número de control de sistema (OCoLC)ocn123312852
040 ## - FUENTE DE CATALOGACIÓN
Centro catalogador/agencia de origen EL$
Centro/agencia transcriptor STF
Centro/agencia modificador BTCTA
-- YDXCP
019 ## -
-- 149597708
020 ## - NÚMERO INTERNACIONAL ESTÁNDAR DEL LIBRO
Número Internacional Estándar del Libro 9707222506
020 ## - NÚMERO INTERNACIONAL ESTÁNDAR DEL LIBRO
Número Internacional Estándar del Libro 9789707222502
035 ## - NÚMERO DE CONTROL DEL SISTEMA
Número de control de sistema (OCoLC)123312852
Número de control cancelado/no válido (OCoLC)149597708
050 14 - SIGNATURA TOPOGRÁFICA DE LA BIBLIOTECA DEL CONGRESO
Número de clasificación HF 1604
Número de ítem R382.2003
245 04 - MENCIÓN DEL TÍTULO
Título Las relaciones económicas de China :
Resto del título OMC, México, Estados Unidos, Taiwan y la Unión Europea /
Mención de responsabilidad, etc. Eduardo Roldán, coordinador.
260 ## - PUBLICACIÓN, DISTRIBUCIÓN, ETC.
Lugar de publicación, distribución, etc. Mâexico :
Nombre del editor, distribuidor, etc. Asociaciâon Mexicana de Estudios Internacionales,
Fecha de publicación, distribución, etc. 2003.
300 ## - DESCRIPCIÓN FÍSICA
Extensión 165 p. :
Otras características físicas cuadros, gráf. ;
Dimensiones 23 cm.
650 #4 - PUNTO DE ACCESO ADICIONAL DE MATERIA--TÉRMINO DE MATERIA
Término de materia o nombre geográfico como elemento de entrada Relaciones económicas internacionales.
651 #4 - PUNTO DE ACCESO ADICIONAL DE MATERIA--NOMBRE GEOGRÁFICO
Nombre geográfico China
Subdivisión general Relaciones econâomicas internacionales.
651 #4 - PUNTO DE ACCESO ADICIONAL DE MATERIA--NOMBRE GEOGRÁFICO
Nombre geográfico China
Subdivisión general Condiciones econâomicas.
700 1# - ENTRADA AGREGADA--NOMBRE PERSONAL
Nombre de persona Roldâan, Eduardo,
Término indicativo de función/relación coordinator.
938 ## -
-- Baker and Taylor
-- BTCP
-- BK0006623313
938 ## -
-- YBP Library Services
-- YANK
-- 2696179
942 ## - ELEMENTOS DE ENTRADA SECUNDARIOS (KOHA)
Fuente del sistema de clasificación o colocación Clasificación de Library of Congress
Tipo de ítem Koha
946 ## - PROCESAMIENTO DE INFORMACIÓN LOCAL (OCLC)
a clperez
994 ## -
-- C0
-- DRFGD
Holdings
Estatus retirado Estado de pérdida Fuente del sistema de clasificación o colocación Estado de daño No para préstamo Colección Biblioteca de origen Biblioteca actual Ubicación en estantería Fecha de adquisición Serial enumeration / chronology Signatura topográfica completa Código de barras Visto por última vez Copia número Tipo de ítem Koha
    Clasificación de Library of Congress     Ciencias Sociales Biblioteca Juan Bosch Biblioteca Juan Bosch Ciencias Sociales (3er. Piso) 10/04/2023 3 HF 1604 R382.2003 00000052848 24/10/2018 1